000 00925nam a22002297a 4500
005 20170124103128.0
010 _a412974
020 _c00.00
035 _a412974
037 _bCen Lib/Ret
040 _aDPL
_bHN
082 _a822
_bभारते
100 _aभारतेंदु हरिश्चंद्र
_943912
245 _aश्री चन्द्रावली /
_cभारतेंदु हरिश्चंद्र
246 _aShree chandravali
_bby Bhaartendun Harishchndra
300 _a135पृष्ठ.
_c18सेमी(सजिल्द)
650 _aहिंदी साहित्य
_983646
650 _aभारतेंदु हरिश्चंद्र की नाट्य कला
_983647
650 _ahindi Literature
_983648
650 _aBhartendu Harishchandra 's theater
_983649
942 _2ddc
_cHN
_h822
_mभारते
999 _c119165
_d119165